100 zufällige Städte in Europa - Bilderquiz - Statistiken

Allgemein
  • Dieses Quiz wurde 87 mal gespielt
  • Das Durchschnittsergebnis liegt bei 36 aus 100
Antwortstatistiken
Bildquiz Antwort % Korrekt
Athen
100%
Rom
100%
Moskau
99%
Paris
97%
Barcelona
91%
Berlin
84%
Glasgow
81%
Istanbul
79%
Amsterdam
77%
Pisa
76%
Köln
73%
London
73%
Hamburg
72%
Mailand
72%
Lübeck
71%
Kopenhagen
69%
Bern
67%
Essen
63%
München
63%
Venedig
63%
Brüssel
60%
Budapest
60%
Prag
57%
Frankfurt am Main
56%
Florenz
55%
Straßburg
55%
Düsseldorf
53%
Skopje
53%
Wien
53%
Bergen
47%
Monaco
47%
Leipzig
45%
Tirana
45%
Liverpool
44%
Bremen
43%
Dresden
43%
St. Petersburg
41%
Rothenburg ob der Tauber
39%
Dubrovnik
36%
Heidelberg
36%
Lissabon
36%
Bilbao
35%
Potsdam
35%
Riga
35%
Innsbruck
33%
Vilnius
33%
Genf
32%
Nürnberg
31%
Warschau
31%
Neapel
28%
Porto
28%
Stockholm
28%
Turin
28%
Nizza
27%
Zürich
27%
Hannover
25%
Helsinki
25%
Verona
25%
Oxford
24%
Stuttgart
24%
Valletta
24%
Edinburgh
21%
Madrid
21%
Nottingham
21%
Luxemburg
20%
Vaduz
20%
Danzig
17%
Krakau
17%
Rotterdam
17%
Bratislava
16%
Catania
16%
Valencia
16%
Genua
15%
Ljubljana
15%
Oslo
15%
Antwerpen
13%
Bukarest
13%
Kiew
13%
Manchester
13%
Minsk
13%
Split
13%
Reykjavik
11%
Sevilla
11%
Belgrad
9%
Cadiz
9%
Canterbury
9%
Toulouse
9%
Zagreb
9%
Den Haag
8%
Dublin
8%
Andorra la Vella
7%
Breslau
7%
Lyon
7%
Marseille
7%
Birmingham
5%
Santiago de Compostela
5%
Göteborg
4%
Groningen
4%
Cardiff
3%
Sofia
3%
Keine übereinstimmenden Quizze gefunden
Verteilung der Resultate
Anzahl Personen mit jedem Resultat
Perzentil nach korrekt beantworteten Fragen
Ihre Resultats-Entwicklung
Sie haben dieses Quiz noch nicht gespielt